Bamat Stav-diadal a IX. KiFut a Kupán

Podrobná bibliografia
Hlavný autor: (jmk) (Autor)
Médium: Článok
Jazyk:maďarčina
ISSN:1335-7050
Predmet:

MARC

LEADER 00000nab a2200000 4500
001 vtls011768151
003 SK-MaSNL
005 20260319070820.0
008 180723|20180713xo |||| || ||00 0|hun
015 |a SNBRB2018/07 
038 |a DSZK 
040 |a DSZK  |b slo  |c DSZK  |e rda 
041 |a hun 
043 |a e-xo--- 
044 |a xo  |c SK 
072 7 |a 796  |x Šport. Hry. Telesné cvičenia  |2 konspekt 
080 |a 796.332.093  |x (437.6)  |2 2011 
100 1 |a (jmk)  |4 aut  |9 866754 
245 1 0 |a Bamat Stav-diadal a IX. KiFut a Kupán  |c [szerző] (jmk) 
336 |a text  |b txt  |2 rdacontent 
337 |a bez média  |b n  |2 rdamedia 
338 |a zväzok  |b nc  |2 rdacarrier 
500 |a V názve nesprávne uvedený ročník turnaja 
611 2 7 |a KiFuT a Kupa  |n (10. :  |d 2018 :  |c Malé Dvorníky, Slovensko)  |2 dszk  |9 1087001 
648 7 |a 2018  |2 dszk  |9 351415 
650 0 7 |a futbal  |2 SNKPH  |9 3291 
650 0 7 |a športové súťaže  |2 SNKPH  |9 1047 
651 7 |a Malé Dvorníky (Slovensko)  |2 SNKPHgeo  |9 154263 
773 0 |t Új szó  |g Évf. 71, sz. 160 (2018.7.13), o. 20  |x 1335-7050 
958 |a SK 
958 |a HU 
958 |a RG 
999 |c 1787539  |d 1789469